|
|
|
|
| LEADER |
00000nam0a2200000 4500 |
| 001 |
20567 |
| 005 |
20231030192129.0 |
| 010 |
|
|
|a 5020134694
|
| 035 |
|
|
|a (RuTPU)RU\TPU\book\20751
|
| 035 |
|
|
|a BOOK00000103
|
| 090 |
|
|
|a 20567
|
| 100 |
|
|
|a 20011209d1993 km y0rusy50 ca
|
| 101 |
0 |
|
|a rus
|
| 102 |
|
|
|a RU
|
| 105 |
|
|
|a y z 000zy
|
| 200 |
1 |
|
|a Индивидуально-психологические проблемы принятия решения
|f В. В. Кочетков, И. Г. Скотникова
|
| 210 |
|
|
|a Москва
|c Наука
|d 1993
|
| 215 |
|
|
|a 143 с.
|
| 610 |
1 |
|
|a психология
|
| 610 |
1 |
|
|a личность
|
| 610 |
1 |
|
|a деятельность
|
| 610 |
1 |
|
|a принятие решения
|
| 686 |
|
|
|a Ю936
|v LBC/SL-A
|2 rubbk
|
| 700 |
|
1 |
|a Кочетков
|b В. В.
|g Владимир Викторович
|
| 701 |
|
1 |
|a Скотникова
|b И. Г.
|g Ирина Григорьевна
|
| 801 |
|
0 |
|a RU
|b 63413507
|c 20011209
|g PSBO
|
| 801 |
|
2 |
|a RU
|b 63413507
|c 20170428
|g PSBO
|
| 942 |
|
|
|c BK
|